Poema de Mío Cid

Saved in:
Bibliografiske detaljer
Format: Bog
Sprog:spansk
Udgivet: Buenos Aires Kapelusz 1979
Fag:
Tags: Tilføj Tag
Ingen Tags, Vær først til at tagge denne postø!

MARC

LEADER 00000nam a2200000 a 4500
001 UCH3808
003 CL-VaPUC
008 090818e19790000AG |||||||||||||||||spa|d
082 0 4 |a 861  |b POE  |2 21 
245 1 0 |a Poema de Mío Cid 
300 |a 183 p 
942 |c BK 
945 |d 20090818 00:00:00  |a lazolas 
260 |a Buenos Aires  |b Kapelusz  |c 1979 
650 7 |a POEMAS EPICOS ESPAÑOLES  |2 CL-VaPUC  |9 402245 
650 0 |a Literatura española  |9 306261 
583 |a last modification  |c 20090818 00:00:00  |k Rodrigo Vera 
999 |c 335236  |d 335234